000 01209cam a22003497a 4500
003 CHAP
005 20220329135727.0
008 971013d1986 mx a r 00110 spa d
010 _a41168
011 _a42140
035 _a46267
040 _cCHAP
090 _aFolleto 11014
100 0 0 _aEncinas Rodríguez, Alejandro.
_936755
245 1 0 _aEjido, estado y movimiento campesino
_c/por Alejandro Encinas Rodríguez
260 _aChapingo, Méx. :
_bUACH. Dirección de Difusión Cultural,
_c1986.
300 _a47 p.
590 _aBATCH-UPD
_b10
_c20130110
_lUCH01
_h0314
590 _aBATCH-UPD
_b10
_c20130110
_lUCH01
_h1518
590 _aBATCH-UPD
_b10
_c20130410
_lUCH01
_h1435
590 _aBATCH-UPD
_b10
_c20130914
_lUCH01
_h1549
590 _aCONVERSION
_b10
_c20130109
_lUCH01
_h1323
650 1 4 _aAgricultura y Estado.
_92035
650 1 4 _aCampesinado.
_917993
650 1 4 _aEjidos.
_936002
700 0 _aGordillo A., Gustavo.
_949994
901 _aBK
942 _cFOLL
949 _aFolleto 11014
_bBC
_cFOLL
_d-105550
_eTS1
_i46267
_mD
_si
949 _aFolleto 11014
_bBC
_cFOLL
_d33724002115579
_eTS2
_fc.3
_gI.c/e
_i46267
_sb
949 _aFolleto 11014
_bBC
_cUACH
_d462672
_eUACH
_fc.2
_i46267
_kdonaciØn
_sb
999 _c41168
_d41168